|
|
|
|
| LEADER |
03179nam a22005775i 4500 |
| 001 |
978-3-642-14412-7 |
| 003 |
DE-He213 |
| 005 |
20151204161918.0 |
| 007 |
cr nn 008mamaa |
| 008 |
100717s2010 gw | s |||| 0|eng d |
| 020 |
|
|
|a 9783642144127
|9 978-3-642-14412-7
|
| 024 |
7 |
|
|a 10.1007/978-3-642-14412-7
|2 doi
|
| 040 |
|
|
|d GrThAP
|
| 050 |
|
4 |
|a QA76.758
|
| 072 |
|
7 |
|a UMZ
|2 bicssc
|
| 072 |
|
7 |
|a UL
|2 bicssc
|
| 072 |
|
7 |
|a COM051230
|2 bisacsh
|
| 082 |
0 |
4 |
|a 005.1
|2 23
|
| 245 |
1 |
0 |
|a Self-Organizing Architectures
|h [electronic resource] :
|b First International Workshop, SOAR 2009, Cambridge, UK, September 14, 2009, Revised Selected and Invited Papers /
|c edited by Danny Weyns, Sam Malek, Rogério de Lemos, Jesper Andersson.
|
| 264 |
|
1 |
|a Berlin, Heidelberg :
|b Springer Berlin Heidelberg,
|c 2010.
|
| 300 |
|
|
|a X, 301 p. 110 illus.
|b online resource.
|
| 336 |
|
|
|a text
|b txt
|2 rdacontent
|
| 337 |
|
|
|a computer
|b c
|2 rdamedia
|
| 338 |
|
|
|a online resource
|b cr
|2 rdacarrier
|
| 347 |
|
|
|a text file
|b PDF
|2 rda
|
| 490 |
1 |
|
|a Lecture Notes in Computer Science,
|x 0302-9743 ;
|v 6090
|
| 505 |
0 |
|
|a Self-adaptive Approaches -- Elements of Self-adaptive Systems – A Decentralized Architectural Perspective -- Improving Architecture-Based Self-adaptation Using Preemption -- Weaving the Fabric of the Control Loop through Aspects -- Self-organizing Approaches -- Self-organisation for Survival in Complex Computer Architectures -- Self-organising Sensors for Wide Area Surveillance Using the Max-sum Algorithm -- Multi-policy Optimization in Self-organizing Systems -- A Bio-inspired Algorithm for Energy Optimization in a Self-organizing Data Center -- Towards a Pervasive Infrastructure for Chemical-Inspired Self-organising Services -- Hybrid Approaches -- Self-adaptive Architectures for Autonomic Computational Science -- Modelling the Asynchronous Dynamic Evolution of Architectural Types -- A Self-organizing Architecture for Traffic Management -- On the Modeling, Refinement and Integration of Decentralized Agent Coordination -- A Self-organizing Architecture for Pervasive Ecosystems.
|
| 650 |
|
0 |
|a Computer science.
|
| 650 |
|
0 |
|a Computer communication systems.
|
| 650 |
|
0 |
|a Software engineering.
|
| 650 |
|
0 |
|a Computer programming.
|
| 650 |
|
0 |
|a Artificial intelligence.
|
| 650 |
1 |
4 |
|a Computer Science.
|
| 650 |
2 |
4 |
|a Software Engineering/Programming and Operating Systems.
|
| 650 |
2 |
4 |
|a Computer Communication Networks.
|
| 650 |
2 |
4 |
|a Programming Techniques.
|
| 650 |
2 |
4 |
|a Software Engineering.
|
| 650 |
2 |
4 |
|a Artificial Intelligence (incl. Robotics).
|
| 650 |
2 |
4 |
|a Information Systems Applications (incl. Internet).
|
| 700 |
1 |
|
|a Weyns, Danny.
|e editor.
|
| 700 |
1 |
|
|a Malek, Sam.
|e editor.
|
| 700 |
1 |
|
|a Lemos, Rogério de.
|e editor.
|
| 700 |
1 |
|
|a Andersson, Jesper.
|e editor.
|
| 710 |
2 |
|
|a SpringerLink (Online service)
|
| 773 |
0 |
|
|t Springer eBooks
|
| 776 |
0 |
8 |
|i Printed edition:
|z 9783642144110
|
| 830 |
|
0 |
|a Lecture Notes in Computer Science,
|x 0302-9743 ;
|v 6090
|
| 856 |
4 |
0 |
|u http://dx.doi.org/10.1007/978-3-642-14412-7
|z Full Text via HEAL-Link
|
| 912 |
|
|
|a ZDB-2-SCS
|
| 912 |
|
|
|a ZDB-2-LNC
|
| 950 |
|
|
|a Computer Science (Springer-11645)
|